000
00286nam a22001337a 4500
008
171228b xxu||||| |||| 00| 0 eng d
020
_a
9780471730514
041
_a
eng
080
_a
330
100
_a
62
101
_a
KON
245
_a
FINANCIAL ACCOUNTING
_c
KIMMEL
942
_2
udc
_c
BK
999
_c
39540
_d
39540